000 00334nam a22001337a 4500
999 _c54995
_d54995
008 200204b ||||| |||| 00| 0 eng d
041 _aeng
080 _2043.3
_a043.3
082 _a043.3
100 _a0
101 _aBTH
245 _aImplementimi i Politikave të Sigurisë së Rrjetës për Kampus
_cZubaku,Sh
942 _2udc
_cBK